000 00721nam a22002057a 4500
005 20251108172416.0
008 250721s1997 xx 000 0 ara d
082 1 4 _a817/جري
100 1 _aالجريري، معافى بن زكريا النهرواني
_eمؤلف
245 1 0 _aأخبار الخلفاء والولاة /
264 1 _aبيروت :
_bعالم الكتب،
_c1997.
300 _a96ص
490 0 _a(المؤنس الوافي من الجليس الصالح الكافي والأنين الناصح الشافي؛1
650 1 7 _aالنوادر
650 1 7 _aالأخبار
650 1 7 _aالخلفاء
700 1 _aاللحام، سعيد محمد
_eمعد
942 _2ddc
_cBK
999 _c78547
_d78547